Find the Country - Statistics

General Stats
  • This quiz has been taken 319 times
  • The average score is 14 of 15
Answers on the Map
Answers color-coded by a green-red scale on the quiz's map according to % correct below.
 
Answer Stats
Answer % Correct
Chile
95%
Kazakhstan
93%
France
92%
Indonesia
92%
Madagascar
92%
Brazil
91%
Japan
91%
Mali
91%
Mexico
91%
Spain
91%
India
90%
Egypt
89%
Greece
89%
Iran
89%
Italy
87%
No matching quizzes found
Score Distribution
Percent of People with Each Score
Percentile by Number Answered
Your Score History
You have not taken this quiz